000 00336nam a22001337a 4500
020 _a9789380026084
082 _a660.98
_bAJA/BI
100 _aAjay Kumar
245 _aBioseparation engineering
260 _aNew Delhi
_bI.K International Publishing House Pvt. Ltd.
_c2009
300 _a210
700 _aAwasthi, Abhishek
942 _cBK
999 _c13649
_d13649